| 000 | 00287 a2200097 4500 | ||
|---|---|---|---|
| 001 | 33809 | ||
| 100 | _aBani Robin | ||
| 245 | _aShafiq ur Rehman-Majmoah: Pachtawy, Mazeed Himaqatin, Dajla, Dareechy,Insani Tamasha [Urdu] | ||
| 260 |
_aLahore _bSAnge Meel Pub _c2003 |
||
| 090 |
_c22461 _d22461 |
||
| 942 |
_aNUST-CAE _c _c13849 |
||
| 999 |
_c268882 _d268882 |
||